<?xml version="1.0" encoding="UTF-8"?><?xml-stylesheet type="text/xsl" href="static/style.xsl"?><OAI-PMH xmlns="http://www.openarchives.org/OAI/2.0/" xmlns:xsi="http://www.w3.org/2001/XMLSchema-instance" xsi:schemaLocation="http://www.openarchives.org/OAI/2.0/ http://www.openarchives.org/OAI/2.0/OAI-PMH.xsd"><responseDate>2026-05-14T10:51:23Z</responseDate><request verb="GetRecord" identifier="oai:riubu.ubu.es:10259/9821" metadataPrefix="marc">https://riubu.ubu.es/oai/request</request><GetRecord><record><header><identifier>oai:riubu.ubu.es:10259/9821</identifier><datestamp>2025-05-12T08:04:45Z</datestamp><setSpec>com_10259_5645</setSpec><setSpec>com_10259_5086</setSpec><setSpec>com_10259_2604</setSpec><setSpec>col_10259_9820</setSpec><setSpec>col_10259_5684</setSpec></header><metadata><record xmlns="http://www.loc.gov/MARC21/slim" xmlns:doc="http://www.lyncode.com/xoai" xmlns:xsi="http://www.w3.org/2001/XMLSchema-instance" xmlns:dcterms="http://purl.org/dc/terms/" xsi:schemaLocation="http://www.loc.gov/MARC21/slim http://www.loc.gov/standards/marcxml/schema/MARC21slim.xsd">
<leader>00925njm 22002777a 4500</leader>
<datafield tag="042" ind1=" " ind2=" ">
<subfield code="a">dc</subfield>
</datafield>
<datafield tag="720" ind1=" " ind2=" ">
<subfield code="a">Pacheco Bonrostro, Joaquín</subfield>
<subfield code="e">author</subfield>
</datafield>
<datafield tag="720" ind1=" " ind2=" ">
<subfield code="a">Cepa Serrano, Lara</subfield>
<subfield code="e">author</subfield>
</datafield>
<datafield tag="720" ind1=" " ind2=" ">
<subfield code="a">Puche Regaliza, Julio César</subfield>
<subfield code="e">author</subfield>
</datafield>
<datafield tag="720" ind1=" " ind2=" ">
<subfield code="a">Casado Yusta, Silvia</subfield>
<subfield code="e">author</subfield>
</datafield>
<datafield tag="260" ind1=" " ind2=" ">
<subfield code="c">2021</subfield>
</datafield>
<datafield tag="520" ind1=" " ind2=" ">
<subfield code="a">In this study, a model for the selection of investment portfolios is proposed with three objectives. In addition to the traditional objectives of maximizing profitability and minimizing risk, maximization of social responsibility is also considered. Moreover, with the purpose of controlling transaction costs, a limit is placed on the number of assets for selection. To the best of our knowledge, this specific model has not been considered in the literature to date. This model is difficult (NP-Hard), and therefore, only very small instances may be solved in an exact way. This paper proposes a method based on tabu search and multiobjective adaptive memory programming (MOAMP) strategies. With this method it is possible to obtain sets of nondominated solutions in short computational times. To check the performance of our method it is compared with adaptations of the nondominated sorting genetic algorithm (NSGA-II), strength Pareto evolutionary algorithm (SPEA-II) and multiobjective particle swarm optimization(MOPSO). The results of different computational experiments show that our tabu search-MOAMP method performed best. The quality of the sets of solutions that were obtained and the speed of execution mean that our tabu search-MOAMP can be used as a tool for financial assessment and analysis (including online services). This tool, as we can see in this work with some examples, can take into account the social concerns of many clients and their overall risk profile (very conservative, conservative, moderate, or fearless). This approach is also in line with current legal regulations that oblige financial advisors to take the client profile into account to provide greater protection and propose good financial advice.</subfield>
</datafield>
<datafield tag="024" ind2=" " ind1="8">
<subfield code="a">http://hdl.handle.net/10259/9821</subfield>
</datafield>
<datafield tag="024" ind2=" " ind1="8">
<subfield code="a">10.71486/8nfm-3w70</subfield>
</datafield>
<datafield ind1=" " ind2=" " tag="653">
<subfield code="a">Portfolio investment</subfield>
</datafield>
<datafield ind1=" " ind2=" " tag="653">
<subfield code="a">Social responsability</subfield>
</datafield>
<datafield ind1=" " ind2=" " tag="653">
<subfield code="a">Multiobjective optimization</subfield>
</datafield>
<datafield ind1=" " ind2=" " tag="653">
<subfield code="a">Tabu search</subfield>
</datafield>
<datafield ind1=" " ind2=" " tag="653">
<subfield code="a">MOAMP</subfield>
</datafield>
<datafield ind1=" " ind2=" " tag="653">
<subfield code="a">NSGA-II</subfield>
</datafield>
<datafield ind1=" " ind2=" " tag="653">
<subfield code="a">SPEA-II</subfield>
</datafield>
<datafield ind1=" " ind2=" " tag="653">
<subfield code="a">MOPSO</subfield>
</datafield>
<datafield ind1=" " ind2=" " tag="653">
<subfield code="a">Financial assessment</subfield>
</datafield>
<datafield tag="245" ind1="0" ind2="0">
<subfield code="a">Dataset of the paper “Selection of Investment Portfolio with Social Responsibility: A Multi-Objective Model and a Tabu Search Method”. Applied Intelligence, 52, 15785-15808</subfield>
</datafield>
</record></metadata></record></GetRecord></OAI-PMH>